| 000 | 01114njm a22003137a 4500 | ||
|---|---|---|---|
| 005 | 20100915104217.0 | ||
| 006 | a|||||r|||||00| 0 | ||
| 007 | sd ammalaaahaa | ||
| 008 | 100910t xxu||||| |||| 00| 0 eng d | ||
| 028 |
_aTAE.1505 _bHis Masters's Voice |
||
| 035 | _aGR-02550 | ||
| 040 | _aSED/VEN | ||
| 100 |
_91184 _aHemant Kumar |
||
| 245 |
_aKhamoshi / _bby Kishore Kumar...[at.el] ; lyrics Gulzaar |
||
| 246 | _aख़ामोशी (किशोर कुमार) | ||
| 260 |
_aDum Dum, India _bHis Master's Voice _c1969 |
||
| 300 |
_a1 sound disc : [Gramophone Record] _banalog, 45 rpm _c7 in. (LP) _fGramophone Records |
||
| 500 | _aBrief record. | ||
| 500 | _aHis Master's Voice | ||
| 500 | _aOrange | ||
| 505 | _aSide-1 Tum pukaar lo ( Tum pukaar lo), Side-2 Wah shaam kutch ajeeb thi (Wah shaam kutch ajeeb thi) | ||
| 650 |
_xExcerpts _zIndia _919370 _aClassical Music _vHindi Film Song |
||
| 700 |
_919371 _aGulzaar |
||
| 700 | _919937 | ||
| 700 | _919372 | ||
| 700 | _919676 | ||
| 942 |
_2ddc _cGR |
||
| 999 |
_c45833 _d45833 |
||